An understanding of Jane Austen's novels : character, value, and ironic perspective /

Bibliographic Details
Main Author: Odmark, John
Format: Book
Language:English
Published: Totowa, N.J. : Barnes & Noble Books, 1981.
Subjects:

MARC

Tag First Indicator Second Indicator Subfields
LEADER 00000cam a2200000 a 4500
001 in00000097721
005 20150924085430.0
008 820405s1981 nju b 00110 eng
010 |a  82108576  
020 |a 0389202169 
035 |a (OCoLC)08390143 
035 |9 AAK9346AM 
039 0 |a 2  |b 3  |c 3  |d 3  |e 3 
040 |a DLC  |c DLC  |d TXA  |d UtOrBLW 
049 |a TXAM  |c [802581] 
050 0 0 |a PR4036  |b  O3 
082 0 |a 823/.7  |2 19 
100 1 |a Odmark, John. 
245 1 3 |a An understanding of Jane Austen's novels :  |b character, value, and ironic perspective /  |c John Odmark. 
264 1 |a Totowa, N.J. :  |b Barnes & Noble Books,  |c 1981. 
300 |a xvi, 224 pages ;  |c 23 cm. 
336 |a text  |b txt  |2 rdacontent 
337 |a unmediated  |b n  |2 rdamedia 
338 |a volume  |b nc  |2 rdacarrier 
500 |a Includes index. 
504 |a Bibliography: pages [207]-215. 
600 1 0 |a Austen, Jane,  |d 1775-1817  |x Criticism and interpretation. 
999 |a MARS 
999 f f |s 3d2733c6-4f41-33cf-ac02-e11df7a2515b  |i 5a3a093d-838e-3efb-8435-fb47d9f37e78  |t 0 
952 f f |p normal  |a Texas A&M University  |b College Station  |c Sterling C. Evans Library  |d Evans: Library Stacks  |t 0  |e PR4036 O3  |h Library of Congress classification  |i unmediated -- volume  |m A14806021459 
998 f f |a PR4036 O3  |t 0  |l Evans: Library Stacks